| 000 | 00633nam a2200217 i 4500 | ||
|---|---|---|---|
| 001 | 176145 | ||
| 003 | ES-MaACL | ||
| 005 | 20230906220013.0 | ||
| 007 | t| | ||
| 008 | 101220s1967 sp ||||1| spa d | ||
| 080 | _a613.88 | ||
| 100 | 1 |
_aHunth, Roberto. _9144395 |
|
| 245 | 1 | 0 |
_aProcreación consciente / _cRoberto Hunth. |
| 260 |
_aBarcelona : _bDe Vecchi, _cimp. 1967. |
||
| 300 |
_a132 p. ; _c17 cm. |
||
| 490 | 1 |
_aBiblioteca médica De Vecchi ; _v7 |
|
| 650 |
_aControl de natalidad. _911338 |
||
| 830 | 0 |
_aBiblioteca médica De Vecchi ; _v7 _9189948 |
|
| 852 |
_aES-MaACL _jE-13833 _xOlim P-1292 |
||
| 999 |
_c176145 _d176145 |
||